000 00661nam a22002057a 4500
005 20250806102218.0
008 250117b ||||| |||| 00| 0 eng d
020 _a9789392125515
040 _cAL
041 _aKannada
082 _223
_aK894.103
_bMAHA
100 _aN G Mahadevappa
_9234182
100 _bಎನ್ ಜಿ ಮಹಾದೇವಪ್ಪ
_9207711
245 _aAllamana Vajragalu
_b: ಅಲ್ಲಮನ ವಜ್ರಗಳು
260 _aBangalore
_bBasava Samithi
_c2024
300 _axxii,585p
_bHB
_c24x16 cm
365 _aBLCR-000067
_b₹360.00
_c
_d₹450.00
_e20%
_f13-01-2025
650 _aKannada Poetry
_9193968
942 _2ddc
_cREF
999 _c233656
_d233656